000 00305nam a2200133 i 4500
001 bg
245 0 _aSłownik naukowo - techniczny :
_bangielsko-polski.
250 _aWyd.5.
260 _aWarszawa,
_c1976.
040 _cBPK
041 _apol
942 _cKS
008 s pl f |000 0 pol
999 _c26938
_d26938
856 _uhttp://koha.tu.koszalin.pl/cgi-bin/koha/opac-detail.pl?biblionumber=26938
_yKatalog online BPK